| 000 | 00724nam a2200253Ia 4500 | ||
|---|---|---|---|
| 003 | OSt | ||
| 005 | 20220924132008.0 | ||
| 006 | a|||||r|||| 00| 0 | ||
| 007 | ta | ||
| 008 | 220923b |||||||| |||| 00| 0 tel d | ||
| 020 | _cRs.80 | ||
| 024 | _a341362 | ||
| 037 | _cTextual | ||
| 040 |
_aARTS _cARTS _btel |
||
| 041 |
_2tel _atel |
||
| 082 | _aX:3M24xM70x, 35L2 | ||
| 100 |
_aV.I.Lenin Au. _9203493 |
||
| 245 | 0 | _aMarxijanni Avahelanaga Chitrinchuta,Samrajyavada Arthikavadam | |
| 260 |
_aVijayawada-2 _bVishalandhra Publishing House India _c1972 |
||
| 300 |
_a62p. _ccm. |
||
| 650 | _aECONOMICS | ||
| 942 |
_hX:3M24xM70x, 35L2 _cTEXL _2CC |
||
| 999 |
_c428938 _d428938 |
||